Sports Quiz

Random Sports or Baseball Quiz

30 in 60: MLB Teams Quiz Stats

 Plays Quiz Updated Jun 13, 2016

Challenge
Share
Tweet
Embed
Score 0/30 Timer 01:00
108 Plays Today
% Correct
New York
86.9%
Chicago
84.5%
Philadelphia
82.6%
Boston
82.3%
Los Angeles
81.6%
Washington
81.5%
Pittsburgh
81.2%
Colorado
81.2%
Minnesota
81.1%
Kansas City
81.1%
Baltimore
81%
Chicago
80.9%
Toronto
80.9%
Cleveland
80.9%
Houston
80.8%
% Correct
Cincinnati
80.7%
Arizona
80.7%
Atlanta
80.6%
Milwaukee
80.4%
Detroit
80.2%
Tampa Bay
79.9%
New York
79.9%
Oakland
79.7%
San Diego
79.7%
Texas
79.5%
Los Angeles
79.5%
Seattle
79.2%
St. Louis
77.7%
San Francisco
77.4%
Miami
77.3%

You're not logged in!

Compare scores with friends on all Sporcle quizzes.
OR
Log In

You Might Also Like...

Show Comments

Extras

Top Quizzes Today


Score Distribution

Your Account Isn't Verified!

In order to create a playlist on Sporcle, you need to verify the email address you used during registration. Go to your Sporcle Settings to finish the process.

Report this User

Report this user for behavior that violates our Community Guidelines.

Details: